000 00676nam a2200253Ia 4500
008 160517s9999 xx 000 0 und d
020 _a0-619-25510-2
050 _aComSc QA 76.9
050 _b.S88S54 2006
100 _aShelly, Gary B.
245 _aSystems analysis and design /
245 _cGary B. Shelly, Thomas J. Cashman, Harry J. Rosenblatt.
250 _a6th Edition
260 _aAustralia :
260 _bThomson Course Tech.,
260 _c2006
300 _a689 pages :
300 _bcol. ill. ;
300 _c28cm.
440 _aShelly Cashman series
500 _aIncludes index.
650 _aSystem analysis.
650 _xSystem design.
999 _c294169
_d294169